| 000 | 00754nam a2200229 a 4500 | ||
|---|---|---|---|
| 999 |
_c1553 _d1553 |
||
| 001 | 1553 | ||
| 003 | BD-JhCC | ||
| 005 | 20171021192243.0 | ||
| 008 | 171021s2005 bg |||| ||a| 000 0 ben d | ||
| 020 | _a9848477411 | ||
| 035 | _a(BD-JhCC) 1553 | ||
| 040 |
_aBD-JhCC _dBD-JhCC |
||
| 041 | _aben | ||
| 082 |
_a891.443 _bCTT 2005 |
||
| 100 | _aচট্টোপাধ্যায়, শ্রী বঙ্কিমচন্দ্র | ||
| 245 |
_aবিষবৃক্ষ / _c শ্রী বঙ্কিমচন্দ্র চট্টোপাধ্যায় |
||
| 260 |
_aঢাকা : _bবসুন্ধরা প্রকাশন, _c2005 |
||
| 300 |
_a98 p .: _c22 cm. |
||
| 650 | _aBengali Novel | ||
| 942 |
_2ddc _cBK |
||